| 000 | 01214nac a22002891u 4500 | ||
|---|---|---|---|
| 010 | _a 2005022374 | ||
| 020 | _a9780764596742 (paper/website) | ||
| 020 | _a0764596748 (paper/website) | ||
| 082 | 0 | 0 |
_a005.1 _bHAR |
| 090 |
_c5836 _d5836 |
||
| 100 | _aHarris, Simon, | ||
| 245 | 1 | 0 |
_aBeginning algorithms / _cSimon Harris and James Ross. |
| 260 |
_aIndianapolis, IN : _bWiley,2006 _c2006. |
||
| 300 |
_axxvi, 564 p. : _bill. ; _c24 cm. |
||
| 440 | 0 | _aWrox beginning guides | |
| 500 | _a"Programmer to programmer"--Cover. | ||
| 500 | _adistributer: Al-Ahram | ||
| 504 | _aIncludes bibliographical references and index. | ||
| 511 | _acatalogued by: wessam | ||
| 650 | 0 | _aComputer algorithms. | |
| 700 | 1 |
_aRoss, James, _d1968- |
|
| 856 | 4 | 1 |
_3Table of contents only _uhttp://www.loc.gov/catdir/toc/ecip0517/2005022374.html |
| 856 | 4 | 1 |
_3Publisher description _uhttp://www.loc.gov/catdir/enhancements/fy0622/2005022374-d.html |
| 856 | 4 | 1 |
_3Contributor biographical information _uhttp://www.loc.gov/catdir/enhancements/fy0654/2005022374-b.html |
| 942 |
_cBB _k005.1HAR |
||
| 999 |
_c5836 _d5836 |
||